| 000 | 00583nam a2200217 a 4500 | ||
|---|---|---|---|
| 001 | 12844 | ||
| 003 | CO-ViMGA | ||
| 008 | 141112s2004 ck r 000 u spa d | ||
| 040 |
_aCO-ViMGA _bspa _cCO-ViMGA |
||
| 082 | 0 | 4 | _a551 M17m |
| 100 | 1 |
_aMarshack, Alexander _918660 |
|
| 245 | 1 | 0 | _aEl mundo y el espacio |
| 250 | _a1 | ||
| 260 |
_aBuenos Aires : _bAngora, _c1959 |
||
| 300 | _a219p. : il. | ||
| 490 | _aColección Hombres y Problemas | ||
| 650 | 1 | 4 |
_a1957 - 1958 _918661 |
| 650 | 1 | 4 |
_aAÑO GEOFISICA INTERNACIONACIONAL _918662 |
| 650 | 1 | 4 |
_aGEOFISICA _913960 |
| 942 |
_2ddc _cBK |
||
| 999 |
_c23773 _d23773 |
||